| 000 | 00680nam a22002417a 4500 | ||
|---|---|---|---|
| 003 | UA-OsUOA | ||
| 001 | 354 | ||
| 007 | ta | ||
| 008 | 20050530b un ||||| |||| 00| 0 ukr d | ||
| 100 | _aГрабовський С. І. | ||
| 090 |
_a111:32 _bГ75 |
||
| 942 | _cBK | ||
| 040 |
_aUA-OsUOA _bukr _cUA-OsUOA _dUA-OsUOA |
||
| 245 |
_aХХ століття та українська людина. Виклики і відповіді _bмонографія |
||
| 300 | _a228 с. | ||
| 955 | _a2 | ||
| 041 | _aukr | ||
| 080 | _a111:32 | ||
| 020 | _a966-7321-69-х | ||
| 260 |
_aК. _bСтилос _c2000 |
||
| 650 | 7 |
_a1 Філософські науки _2UDC |
|
| 999 |
_c286516 _d286516 |
||